000 00412nam a2200181Ia 4500
008 210210b1951 xxu||||| |||| 00| 0 eng d
041 _aeng
082 _a230/22
100 _aBYME (George)
245 _aLove tested
_bLove triumphant
260 _aDublin
_bM H Gill And Son
_c1951
300 _a74
650 _atriumphant
650 _atested
650 _aLove
690 _aReligion
906 _a001258
999 _c116145
_d116145